CE-103 Mechanics of solids- 01 (Record no. 554039)
[ view plain ]
| 000 -LEADER | |
|---|---|
| fixed length control field | 00264nam a22001097a 4500 |
| 082 ## - DEWEY DECIMAL CLASSIFICATION NUMBER | |
| Classification number | CP-70 |
| 100 ## - MAIN ENTRY--PERSONAL NAME | |
| Personal name | Muhammad Ahmad Maj. |
| 9 (RLIN) | 50921 |
| 245 ## - TITLE STATEMENT | |
| Title | CE-103 Mechanics of solids- 01 |
| Remainder of title | OD-84/CED-85 |
| 260 ## - PUBLICATION, DISTRIBUTION, ETC. | |
| Place of publication, distribution, etc. | MCE |
| Date of publication, distribution, etc. | 2016 |
| 526 ## - STUDY PROGRAM INFORMATION NOTE | |
| Program name | 0 |
| Interest level | 0 |
| Reading level | 0 |
| Title point value | CP_70 |
| 942 ## - ADDED ENTRY ELEMENTS (KOHA) | |
| Source of classification or shelving scheme | |
| Koha item type | Book |
| Withdrawn status | Lost status | Source of classification or shelving scheme | Damaged status | Not for loan | Permanent Location | Current Location | Date acquired | Total Checkouts | Full call number | Barcode | Date last seen | Date last checked out | Price effective from | Koha item type |
|---|---|---|---|---|---|---|---|---|---|---|---|---|---|---|
| Military College of Engineering (MCE) | Military College of Engineering (MCE) | 02/08/2018 | 1 | CP-70 | MCE-CP-70 | 09/07/2018 | 05/17/2018 | 02/08/2018 | Book |
